Learning Data Science (Record no. 13526)

MARC details
000 -LEADER
fixed length control field 00408nam a22001817a 4500
003 - CONTROL NUMBER IDENTIFIER
control field OSt
008 - FIXED-LENGTH DATA ELEMENTS--GENERAL INFORMATION
fixed length control field 250505b |||||||| |||| 00| 0 eng d
020 ## - INTERNATIONAL STANDARD BOOK NUMBER
International Standard Book Number 9789355424853
082 ## - DEWEY DECIMAL CLASSIFICATION NUMBER
Classification number 005.133 LAL
100 ## - MAIN ENTRY--PERSONAL NAME
Personal name LAU,Sam
245 ## - TITLE STATEMENT
Title Learning Data Science
250 ## - EDITION STATEMENT
Edition statement 1st Ed
260 ## - PUBLICATION, DISTRIBUTION, ETC. (IMPRINT)
Place of publication, distribution, etc Mumbai
Name of publisher, distributor, etc SPD
Date of publication, distribution, etc 2023
300 ## - PHYSICAL DESCRIPTION
Extent 573
700 ## - ADDED ENTRY--PERSONAL NAME
Personal name GONZALEZ,Joseph
700 ## - ADDED ENTRY--PERSONAL NAME
Personal name NOLAN,Deborah
942 ## - ADDED ENTRY ELEMENTS (KOHA)
Source of classification or shelving scheme Dewey Decimal Classification
Koha item type Text Books
Holdings
Withdrawn status Lost status Source of classification or shelving scheme Damaged status Not for loan Collection code Home library Current library Date acquired Source of acquisition Currency Cost, normal purchase price Bill Number Total Checkouts Full call number Acc. no. / Barcode Date last seen Actual Cost, discounted price Bill Date Koha item type Date last borrowed
    Dewey Decimal Classification     Computer Science and Engineering in AI & Data Science PIET C-LIBRARY PIET C-LIBRARY 02/05/2025 Zaffa Books INR 4600.00 ZBD0098   005.133 LAL 39609 05/05/2025 1725.00 02/05/2025 Reference Books  
    Dewey Decimal Classification     Computer Science and Engineering in AI & Data Science PIET C-LIBRARY PIET C-LIBRARY 02/05/2025 Zaffa Books INR 4600.00 ZBD0098 1 005.133 LAL 39610 21/04/2026 1725.00 02/05/2025 Text Books 25/03/2026

Design & Developed by: PIET Central Library
R70 Miles Stone Pattikalyana Samalkha Panipat 132102
mail ID :- [email protected], Phone No:- 0180-2569700 Ex.216